Artificial Intelligence: (Record no. 680)

MARC details
000 -LEADER
fixed length control field 01211nam a2200325 a 4500
001 - CONTROL NUMBER
control field 680
003 - CONTROL NUMBER IDENTIFIER
control field MYCC
005 - DATE AND TIME OF LATEST TRANSACTION
control field 20260204110452.0
008 - FIXED-LENGTH DATA ELEMENTS--GENERAL INFORMATION
fixed length control field 260204s2025 nyua b 001 0 eng d
020 ## - INTERNATIONAL STANDARD BOOK NUMBER
International Standard Book Number 9781250404855
Qualifying information paperback
040 ## - CATALOGING SOURCE
Original cataloging agency MYCC
Language of cataloging eng
Transcribing agency MYCC
Modifying agency MYCC
Description conventions rda
082 04 - DEWEY DECIMAL CLASSIFICATION NUMBER
Edition number 23
Classification number 006.3
090 00 - LOCALLY ASSIGNED LC-TYPE CALL NUMBER (OCLC); LOCAL CALL NUMBER (RLIN)
Classification number (OCLC) (R) ; Classification number, CALL (RLIN) (NR) 006.3
Location of book MIT
100 1# - MAIN ENTRY--PERSONAL NAME
Personal name Mitchell, Melanie
Titles and words associated with a name (Computer scientist),
Relator term author.
245 1# - TITLE STATEMENT
Title Artificial Intelligence:
Remainder of title A Guide for Thinking Humans /
Statement of responsibility, etc. Melanie Mitchell.
250 ## - EDITION STATEMENT
Edition statement Paperback reissue edition, 2025
264 #1 - PRODUCTION, PUBLICATION, DISTRIBUTION, MANUFACTURE, AND COPYRIGHT NOTICE
Place of production, publication, distribution, manufacture New York :
Name of producer, publisher, distributor, manufacturer Picador,
Date of production, publication, distribution, manufacture, or copyright notice 2025.
264 #4 - PRODUCTION, PUBLICATION, DISTRIBUTION, MANUFACTURE, AND COPYRIGHT NOTICE
Date of production, publication, distribution, manufacture, or copyright notice ©2019
300 ## - PHYSICAL DESCRIPTION
Extent xiv, 317 pages:
Other physical details illustrations ;
Dimensions 21 cm
336 ## - CONTENT TYPE
Source rdacontent
Content type term text
337 ## - MEDIA TYPE
Source rdamedia
Media type term unmediated
338 ## - CARRIER TYPE
Source rdacarrier
Carrier type term volume
500 ## - GENERAL NOTE
General note "Originally published in 2019 by Farrar, Straus, Giroux" -- title page verso.
500 ## - GENERAL NOTE
General note "First paperback edition, 2020" -- title page verso.
504 ## - BIBLIOGRAPHY, ETC. NOTE
Bibliography, etc. note Includes bibliographical references and index.
505 0# - FORMATTED CONTENTS NOTE
Formatted contents note Background -- Looking and seeing -- Learning to play -- Artificial intelligence meets natural language -- The barrier of meaning.
650 0# - SUBJECT ADDED ENTRY--TOPICAL TERM
Topical term or geographic name entry element Artificial intelligence.
650 0# - SUBJECT ADDED ENTRY--TOPICAL TERM
Topical term or geographic name entry element Machine learning.
942 ## - ADDED ENTRY ELEMENTS (KOHA)
Source of classification or shelving scheme Dewey Decimal Classification
Koha item type Books
Holdings
Withdrawn status Lost status Source of classification or shelving scheme Damaged status Not for loan Permanent location Current location Shelving location Date acquired Total Checkouts Full call number Barcode Date last seen Price effective from Koha item type
    Dewey Decimal Classification     MYCC Library MYCC Library General stacks 04/02/2026   006.3 MIT 2025 11124 04/02/2026 04/02/2026 Books
    Dewey Decimal Classification     MYCC Library MYCC Library Reference 04/02/2026   006.3 MIT 2025 REF 11123 04/02/2026 04/02/2026 Reference

© 2024 Malaysia Competition Commission (MyCC) All Rights Reserved.

FOLLOW US ON